Islam / (Record no. 2351)
[ view plain ]
| 000 -LEADER | |
|---|---|
| fixed length control field | 01055cam a2200313 a 4500 |
| 001 - CONTROL NUMBER | |
| control field | 1599861 |
| 003 - CONTROL NUMBER IDENTIFIER | |
| control field | GBCCL |
| 005 - DATE AND TIME OF LATEST TRANSACTION | |
| control field | 20241126110427.0 |
| 008 - FIXED-LENGTH DATA ELEMENTS--GENERAL INFORMATION | |
| fixed length control field | 941104s1994 ilua b 001 0 eng d |
| 010 ## - | |
| -- | 94068414 |
| 020 ## - INTERNATIONAL STANDARD BOOK NUMBER | |
| International Standard Book Number | 9781444103472 |
| Terms of availability | $12.99 |
| 035 ## - SYSTEM CONTROL NUMBER | |
| System control number | (OCoLC)32340276 |
| 040 ## - CATALOGING SOURCE | |
| Original cataloging agency | OC |
| Transcribing agency | OC |
| Modifying agency | NBuBE |
| -- | DLC |
| 042 ## - | |
| -- | lccopycat |
| 050 00 - | |
| -- | BP161.2 |
| -- | .M334 1994 |
| 082 00 - DEWEY DECIMAL CLASSIFICATION NUMBER | |
| Classification number | 297 |
| Edition information | 20 |
| Item number | MAQ |
| 100 1# - MAIN ENTRY--PERSONAL NAME | |
| Personal name | Maqsood, Ruqaiyyah Waris. |
| 9 (RLIN) | 4853 |
| 245 10 - TITLE STATEMENT | |
| Title | Islam / |
| Statement of responsibility, etc. | Ruqaiyyah Maqsood. |
| 260 ## - PUBLICATION, DISTRIBUTION, ETC. | |
| Place of publication, distribution, etc. | Lincolnwood, Ill. : |
| Name of publisher, distributor, etc. | NTC Pub. Group, |
| Date of publication, distribution, etc. | 2015. |
| 300 ## - PHYSICAL DESCRIPTION | |
| Extent | 392 p. : |
| Other physical details | ill. ; |
| Dimensions | 20 cm. |
| 440 #0 - SERIES STATEMENT/ADDED ENTRY--TITLE | |
| Title | Teach yourself world faiths |
| 9 (RLIN) | 4854 |
| 490 1# - SERIES STATEMENT | |
| Series statement | Teach yourself books |
| 650 #0 - SUBJECT ADDED ENTRY--TOPICAL TERM | |
| Topical term or geographic name entry element | Islam. |
| 9 (RLIN) | 1511 |
| 830 #0 - | |
| -- | Teach yourself books (Lincolnwood, Ill.) |
| -- | 4855 |
| 856 42 - ELECTRONIC LOCATION AND ACCESS | |
| Materials specified | Publisher description |
| Uniform Resource Identifier | <a href="http://www.loc.gov/catdir/description/mh022/94068414.html">http://www.loc.gov/catdir/description/mh022/94068414.html</a> |
| 906 ## - LOCAL DATA ELEMENT F, LDF (RLIN) | |
| a | 7 |
| b | cbc |
| c | copycat |
| d | 3 |
| e | opcn |
| f | 19 |
| g | y-gencatlg |
| 942 ## - ADDED ENTRY ELEMENTS (KOHA) | |
| Source of classification or shelving scheme | Dewey Decimal Classification |
| Koha item type | Books |
| Koha issues (borrowed), all copies | 22 |
| Withdrawn status | Lost status | Source of classification or shelving scheme | Damaged status | Not for loan | Home library | Current Library | Shelving location | Date acquired | Source of acquisition | Cost, normal purchase price | Total checkouts | Total renewals | Full call number | Barcode | Date last seen | Date last checked out | Copy number | Price effective from | Koha item type |
|---|---|---|---|---|---|---|---|---|---|---|---|---|---|---|---|---|---|---|---|
| Dewey Decimal Classification | GRACE BIBLE COLLEGE | GRACE BIBLE COLLEGE | Philosophy and Religion | 2017-08-07 | Langham | 695.00 | 27 | 2 | 297 MAQ | 014446 | 2025-12-08 | 2025-12-01 | c.1 | 2017-08-07 | Books |